Design of concrete structures

Bibliographic Details
Main Author: Nilson, Arthur H
Format: Book
Published: Boston : McGraw-Hill higher education , 2004
Edition:13th ed
Subjects:

MARC

LEADER 00000cam a2200000 7i4500
001 0000016003
005 20051022.0
020 |a 0072483059 
040 |a INS 
090 0 0 |a TA683.2   |b N55 2004 
100 0 |a Nilson, Arthur H 
245 1 0 |a Design of concrete structures   |c Arthur H.Nilson 
250 |a 13th ed 
260 |a Boston :   |b McGraw-Hill higher education ,   |c 2004 
300 |a xvii :   |b 779p ;   |c 26cm. 
650 0 0 |a Prestressed concrete construction 
650 0 0 |a Reinforced concrete construction 
999 |a 0000016034   |b BOOK   |c Open Shelf   |e Default branch